banner-ar

معجم مصطلحات الديموغرافيا / (Record no. 51824)

MARC details
000 -الفاتح
حقل البيانات ثابتة الطول 00645nam a2200205Ia 4500
008 - عناصر البيانات ثابتة الطول - معلومات عامة
حقل البيانات ثابتة الطول 140319s9999 xx 000 0 ara d
040 ## - مصدر الفهرسة
وكالة الفهرسة الأصلية GCL /
وكالة النسخ GCL
082 04 - رقم تصنيف ديوى العشرى
رقم التصنيف 301.3203
رقم المادة ب م
100 1# - المدخل الرئيسى - إسم شخصى
الإسم الشخصى حلانوفل رزق الله
245 10 - بيان العنوان
العنوان معجم مصطلحات الديموغرافيا /
بيان المسئوليه,etc حلانوفل رزق الله
700 1# - المدخل الاضافى - اسم شخصى
الإسم الشخصى بيرسا، رولان
300 ## - الوصف المادى
التعداد 402 ص
490 ## - بيان السلسلة
عنوان السلسلة الهيئة العامة للاستعلامات
رقم المجلد/ التعيين التسلسلي 0
650 04 - المدخل الاضافى بالموضوع-مصطلح موضوعى
مصطلح موضوعي السكان
650 04 - المدخل الاضافى بالموضوع-مصطلح موضوعى
مصطلح موضوعي السكان - علم
650 04 - المدخل الاضافى بالموضوع-مصطلح موضوعى
مصطلح موضوعي الاحصاءات الحيوية
650 04 - المدخل الاضافى بالموضوع-مصطلح موضوعى
مصطلح موضوعي السكان - معاجم
942 ## - عناصر المدخل الإضافي( كوها)
مصدر التصنيف او مخطط الترفيف Dewey Decimal Classification
Koha [default] item type كتاب
Holdings
حالة التراجع حالة الفقد حالة تلف ليس للاعارة المكان المؤقت الموقع الحالى تاريخ الاكتساب اجمالي اﻻعارات رقم الطلب الباركود تاريخ اخر مشاهدة تاريخ تفعيل السعر نوع وعاء كوها
        مكتبة القاهرة الكبرى مكتبة القاهرة الكبرى 03/26/2014   301.3203\ب م 124035 03/26/2014 03/26/2014 كتاب

Powered By

EGPV